LIBRARY & INFORMATION CENTRE, KCAET, TAVANUR

ONLINE PUBLIC ACCESS CATALOGUE (OPAC)

Holmes-Einstein letters / (Record no. 11360)

MARC details
000 -LEADER
fixed length control field 00359cam a2200145ua 4500
041 ## - LANGUAGE CODE
Language code of text/sound track or separate title eng
082 ## - DEWEY DECIMAL CLASSIFICATION NUMBER
Classification number 826
Item number PEA/HO
100 ## - MAIN ENTRY--AUTHOR NAME
Personal name Peabody, James .
245 ## - TITLE STATEMENT
Title Holmes-Einstein letters /
260 ## - PUBLICATION, DISTRIBUTION, ETC. (IMPRINT)
Place of publication New York :
Name of publisher St Martins Press ,
Year of publication 1964.
300 ## - PHYSICAL DESCRIPTION
Number of Pages 377 ; .
942 ## - ADDED ENTRY ELEMENTS (KOHA)
Koha item type Books
Holdings
Withdrawn status Lost status Damaged status Home library Current library Date acquired Cost, normal purchase price Full call number Accession Number Koha item type Public note
Withdrawn     KAUAET Sanskrit University 07/04/2012 45.00 826 6959 Books Transferred to Sanskrit University
free website counter